Τοπικό ιδίωμα, γλώσσα η διδασκαλία ενός λαϊκού παραμυθιού από τον Αρχάγγελο σε διαφορετικά μαθησιακά περιβάλλοντα : διπλωματική εργασία
Αποθηκεύτηκε σε:
| Κύριος συγγραφέας: | |
|---|---|
| Συγγραφή απο Οργανισμό/Αρχή: | |
| Άλλοι συγγραφείς: | , |
| Μορφή: | Thesis Βιβλίο |
| Γλώσσα: | Greek |
| Δημοσίευση: |
2002.
|
| Θέματα: | |
| Ετικέτες: |
Προσθήκη ετικέτας
Δεν υπάρχουν, Καταχωρήστε ετικέτα πρώτοι!
|
MARC
| LEADER | 00000cam a2200000 i 4500 | ||
|---|---|---|---|
| 001 | 1/57108 | ||
| 008 | 040609s2002 gr | ||| |||| ||gre|| | ||
| 035 | |l 10073714 | ||
| 040 | |a GR-MyUa |b gre |e AACR2 | ||
| 041 | 0 | |a gre | |
| 082 | 7 | |a 489.37 |2 (21) | |
| 100 | 1 | |a Κόζα, Χρυσάνθη. | |
| 245 | 1 | 0 | |a Τοπικό ιδίωμα, γλώσσα/ες, του σχολείου, και λαϊκός πολιτισμός : |b η διδασκαλία ενός λαϊκού παραμυθιού από τον Αρχάγγελο σε διαφορετικά μαθησιακά περιβάλλοντα : διπλωματική εργασία / |c Κόζα Χρυσάνθη ; επιβλέπουσα καθηγήτρια : Σκούρτου Ελένη ; εποπτεύοντες καθηγητές: Μηνάς Κωνσταντίνος, Καπλάνογλου Μαριάνθη. |
| 260 | |c 2002. | ||
| 300 | |a 151 σ. ; |c 30 εκ. | ||
| 502 | |a Πτυχιακή εργασία – Πανεπιστήμιο Αιγαίου, Ρόδος, 2002. | ||
| 504 | |a Περιλαμβάνει βιβλιογραφικές αναφορές. | ||
| 610 | 2 | 0 | |a University of the Aegean |x Dissertations. |
| 650 | 0 | |a Greek language, Modern |x Idioms |z Greece |z Rhodes (Island) | |
| 650 | 0 | |a Greek language, Modern |x Dialects |z Greece |z Rhodes (Island) | |
| 650 | 0 | |a Dissertations, Academic |z Greece. | |
| 700 | 1 | |a Σκούρτου, Ελένη, |e dgsf | |
| 700 | 1 | |a Καπλάνογλου, Μαριάνθη, |e dgsf | |
| 700 | 1 | |a Μηνάς, Κωνσταντίνος, |d 1937- |e dgs | |
| 710 | 2 | |a Πανεπιστήμιο Αιγαίου |b Σχολή Ανθρωπιστικών Σπουδών |b Τμήμα Δημοτικής Εκπαίδευσης. | |
| 852 | |a INST |b RHODES |c DIATR |e 20040609 |h 489.37 ΚΟΖ |p 005400018864 |q 005400018864 |t DIE |y 23 | ||
| 901 | |a BIBL4-2004-2 | ||
| 924 | |a ΚΟΖΑ |b ΧΡΥΣΑΝΘΗ |y Ρόδος |z 2002-07 | ||
| 970 | |a ΚΟΥΛΑΚΙΟΤΗ |b ΛΙΤΣΑ |z 2004/06/09 | ||